Accounting ethics

Salvato in:
Dettagli Bibliografici
Autore principale: Duska, Ronald F.
Altri autori: Duska, Brenda Shay
Natura: Libro
Lingua:inglese
Pubblicazione: Malden Blackwell Publishing 2007
Serie:Foundations of business ethics 2
Soggetti:
Tags: Aggiungi Tag
Nessun Tag, puoi essere il primo ad aggiungerne!!

MARC

LEADER 00000nam$a2200000$$$4500
001 0072897
005 20240306135529.0
020 |a 978-0-631-21651-3 
041 0 |a eng 
044 |a US 
245 1 0 |a Accounting ethics  |c Ronald F. Duska and Brenda Shay Duska 
264 1 |a Malden  |b Blackwell Publishing  |c 2007 
300 |a 277 s. 
490 1 |a Foundations of business ethics  |v 2 
830 0 |a Foundations of business ethics  |v 2 
610 2 0 |a účtovníctvo 
610 2 0 |a etika 
610 2 0 |a účtovníctvo manažérske 
610 2 0 |a účtovníctvo finančné 
610 2 0 |a audit 
610 2 0 |a účtovníctvo daňové 
610 2 0 |a firmy 
610 2 0 |a kríza 
610 2 0 |a riadenie 
610 2 0 |a účtovníci 
610 2 0 |a manažéri 
610 2 0 |a audítori 
610 2 0 |a morálka 
100 1 |a Duska, Ronald F. 
700 1 |a Duska, Brenda Shay